=LDR 00000nam 2200000 4500 =001 NUTBA000000000001103 =990 ##$$a 0001/BPAP-NTB/20142015 =005 20150202121558.0 =990 ##$$a 93540/BPAP-NTB/2014 =006 =007 =008 =035 ##$$0010-041400000000373 =082 ##$$2 813 =090 ##$$a 813 Gai s =245 ##$$a Stardust =250 ##$$a Cet.2 =260 ##$$a Jakarta $b Gramedia pustaka utama $c 2007 =300 ##$$a 254 hlm $b ilus $c 19 cm =850 ##$$a NBPNMAT =990 ##$$a 93540/BPAP-NTB/2014